Weathering, slopes and landforms (Record no. 61560)

MARC details
000 -LEADER
fixed length control field 00969nam a2200265 a 4500
001 - CONTROL NUMBER
control field 13942792
008 - FIXED-LENGTH DATA ELEMENTS--GENERAL INFORMATION
fixed length control field 161207s2004 ||||||||||||||||| || u
010 ## - LIBRARY OF CONGRESS CONTROL NUMBER
LC control number 2005391406
020 ## - INTERNATIONAL STANDARD BOOK NUMBER
International Standard Book Number 0340816902 (pbk.)
050 ## - LIBRARY OF CONGRESS CALL NUMBER
Classification number QE570 .A85 2004
100 ## - MAIN ENTRY--PERSONAL NAME
Personal name Atkinson, David
245 10 - TITLE STATEMENT
Title Weathering, slopes and landforms
Statement of responsibility, etc. David Atkinson.
260 ## - PUBLICATION, DISTRIBUTION, ETC.
Place of publication, distribution, etc. London
Name of publisher, distributor, etc. Hodder & Stoughton
Date of publication, distribution, etc. 2004
300 ## - PHYSICAL DESCRIPTION
Extent vi, 127, [2] p. : ill., maps ; 22 cm.
490 ## - SERIES STATEMENT
Series statement Access to geography
500 ## - GENERAL NOTE
General note Includes bibliographical references (p. [128-129]) and index.
650 #0 - SUBJECT ADDED ENTRY--TOPICAL TERM
Topical term or geographic name entry element HUMAN ECOLOGY
650 #6 - SUBJECT ADDED ENTRY--TOPICAL TERM
Topical term or geographic name entry element Météorisation (Géomorphologie)
650 #6 - SUBJECT ADDED ENTRY--TOPICAL TERM
Topical term or geographic name entry element Écologie humaine
650 #0 - SUBJECT ADDED ENTRY--TOPICAL TERM
Topical term or geographic name entry element LANDFORMS
650 #0 - SUBJECT ADDED ENTRY--TOPICAL TERM
Topical term or geographic name entry element WEATHERING
650 #6 - SUBJECT ADDED ENTRY--TOPICAL TERM
Topical term or geographic name entry element Relief (Géographie)
856 ## - ELECTRONIC LOCATION AND ACCESS
Uniform Resource Identifier <a href="http://www.loc.gov/catdir/enhancements/fy0627/2005391406-d.html">http://www.loc.gov/catdir/enhancements/fy0627/2005391406-d.html</a>
995 ## - RECOMMENDATION 995 [LOCAL, UNIMARC FRANCE]
-- CBU-MAIN LIBRARY (Kitwe)
-- AVAILABLE
-- Dec 7, 2016
-- Main Library Open Access Collection
Holdings
Withdrawn status Lost status Source of classification or shelving scheme Damaged status Not for loan Home library Current library Shelving location Date acquired Total Checkouts Full call number Barcode Date last seen Price effective from Koha item type
          CBU-MAIN LIBRARY, KITWE. CBU-MAIN LIBRARY, KITWE.   11/30/2022   QE570 .A85 2004 B2919 11/30/2022 11/30/2022 MONOGRAPH